00580nam a2200169Ia 4500008004100000020001500041041000800056082001700064100002600081245008300107250000600190260003900196300001200235650001800247999001900265952012600284210716s2002 xx 000 0 und d a817808726X aeng a005.133 VENM aVenkateshmurthy, M G. aProgramming techniques through c: a beginners companion.bBeginners companion. a1 aNew DelhibPearson Educationc2002 axii,271 aC Programming c185671d185671 001040708MCAaAIMITbAIMITeBook Worldg125.00l0o005.133 VENMpMCA05179r2025-07-21 00:00:00v106.25w2021-07-16yBK